Baller League Tabelle - Statistiken

Allgemein
  • Dieses Quiz wurde 66 mal gespielt
  • Das Durchschnittsergebnis liegt bei 9 aus 12
Antwortstatistiken
Hint Antwort % Korrekt
1 Calcio Berlin
88%
3 Eintracht Spandau
84%
4 Las Ligas Ladies
82%
2 Streets United
79%
5 Beton Berlin
75%
12 Käfigtiger
73%
8 Protatos
71%
10 VfR Zimbos
68%
6 Hollywood United
63%
11 Gönrgy Allstars
57%
9 Hardstuck Royale
57%
7 Golden XI
55%
Keine übereinstimmenden Quizze gefunden
Verteilung der Resultate
Anzahl Personen mit jedem Resultat
Perzentil nach korrekt beantworteten Fragen
Ihre Resultats-Entwicklung
Sie haben dieses Quiz noch nicht gespielt